000 01025nam a22001935i 4500
001 161440
003 ES-MaACL
005 20250907063123.0
008 000211s1895 fr |||| | fre d
040 _aCCPB | B
_bspa
_cCCPB | B
100 1 _aParis, Gaston,
_d1839-1903
_989136
245 1 3 _aLa poésie du moyen age
_b: leçons et lectures /
_cpar Gaston Paris.
260 _aParis :
_bLibrairie Hachette et Cie.,
_c1895 (
_fImp. Paul Brodard)
300 _aXV, 267, [1] p. ;
_c18 cm.
505 8 _aContiene: Deuxieme Série: La litterature française au XIIe. siecle ; L'esprit normand en Anglaterre ; Les contes orientaux dans la litterature française au moyen age ; La légende du Mari aus deux femmes ; La parole des trois anneaux ; Siger de Bravant ; La litterature française au XVe. siecle
650 4 _aPoesía francesa-
_yEdad media.
_9136727
852 _aES-MaACL
_jG-15307
_z-- Enc. hol.
_x-- Edic.: 2 v.- La 1e partie de esta edición está fechada en 1885 (XIV, 254 p.)
999 _c161440
_d161440